US States by country with similar population. - Statistics

General Stats
  • This quiz has been taken 18 times
  • The average score is 16 of 50
Answer Stats
Country Population of the Country (Millions) Answer % Correct
Poland 38.6 California
100%
Ghana 28.0 Texas
100%
Niger 20.7 Florida
80%
Romania 19.4 New York
80%
Luxembourg 0.6 Wyoming
70%
Portugal 10.3 Georgia
60%
South Sudan 12.7 Illinois
60%
Serbia 8.8 New Jersey
50%
Burundi 11.6 Ohio
50%
Guyana 0.8 Alaska
40%
South Sudan 12.7 Pennsylvania
40%
Costa Rica 4.9 Alabama
30%
Mongolia 3.0 Arkansas
30%
Uruguay 3.4 Connecticut
30%
Djibouti 0.9 Delaware
30%
Sierra Leone 6.6 Indiana
30%
Kyrgyzstan 6.0 Maryland
30%
Paraguay 6.7 Massachusetts
30%
Azerbaijan 9.9 Michigan
30%
Finland 5.5 Minnesota
30%
Mongolia 3.0 Mississippi
30%
Portugal 10.3 North Carolina
30%
Montenegro 0.6 Vermont
30%
Laos 6.9 Arizona
20%
Finland 5.5 Colorado
20%
Bahrain 1.4 Hawaii
20%
Gabon 1.8 Idaho
20%
Armenia 3.0 Iowa
20%
Albania 2.9 Kansas
20%
New Zealand 4.6 Kentucky
20%
Oman 4.7 Louisiana
20%
Estonia 1.3 Maine
20%
El Salvador 6.1 Missouri
20%
Cyprus 1.2 Montana
20%
Guinea-Bissau 1.9 Nebraska
20%
Albania 2.9 Nevada
20%
Estonia 1.3 New Hampshire
20%
Macedonia 2.1 New Mexico
20%
Guyana 0.8 North Dakota
20%
Central African Republic 5.0 South Carolina
20%
Bulgaria 7.1 Washington
20%
Guinea-Bissau 1.9 West Virginia
20%
Singapore 5.7 Wisconsin
20%
Georgia 4.0 Oklahoma
10%
Moldova 4.1 Oregon
10%
Cyprus 1.2 Rhode Island
10%
Equatoreal Guinea 0.9 South Dakota
10%
Armenia 3.0 Utah
10%
Switzerland 8.4 Virginia
10%
Sierra Leone 6.6 Tennessee
0%
No matching quizzes found
Score Distribution
Percent of People with Each Score
Percentile by Number Answered
Your Score History
You have not taken this quiz